Transnational corporations

Gespeichert in:
Bibliographische Detailangaben
Weitere Verfasser: Sauvant, Karl P.
Format: Buch
Sprache:Englisch
Veröffentlicht: New York United Nations/United Nations Conference on Trade and Development 1998
Schlagworte:
Tags: Tag hinzufügen
Keine Tags, Fügen Sie das erste Tag hinzu!

MARC

LEADER 00000nam a2200000 4500
001 c124696
005 20221221083829.0
022 |a 1014-9562 
041 0 |a eng 
044 |a US 
245 1 0 |a Transnational corporations  |c [editor: Karl P. Sauvant] 
264 1 |a New York  |b United Nations/United Nations Conference on Trade and Development  |c 1998 
300 |a 171 s. 
610 2 0 |a korporácie transnacionálne 
610 2 0 |a investície 
610 2 0 |a multilateralita 
610 2 0 |a obchod 
610 2 0 |a politika obchodná 
610 2 0 |a liberalizácia 
610 2 0 |a internacionalizácia 
610 2 0 |a investície priame zahraničné 
610 2 0 |a globalizácia 
610 2 0 |a trh práce 
610 2 0 |a zmluvy kooperačné 
610 2 0 |a vývoz 
610 2 0 |a podmienky obchodné 
610 2 0 |a firmy 
610 2 0 |a Japonsko 
610 2 0 |a OSN 
700 1 |a Sauvant, Karl P.